000 00571nam a2200169Ia 4500
008 090711s9999 xx 000 0 und d
082 _b4767
100 _aनेने गो. प.
245 _aबgहत् हिंदी मराठी शब्दकोश
260 _c1965
300 _a678
600 _aनेने गो. प.
630 _aबgहत् हिंदी मराठी शब्दकोश
700 _aनेने गो. प.
730 _aबgहत् हिंदी मराठी शब्दकोश
942 _cBOOK
999 _c328513
_d328513